| 000 | 00540nam a22001937a 4500 | ||
|---|---|---|---|
| 003 | KOHA_MİRAKIL | ||
| 005 | 20251022151155.0 | ||
| 008 | 251022b tu ||||| |||| 00| 0 tur d | ||
| 020 | _a9786055623852 | ||
| 040 |
_aTR-AnABB _btur _cTR-AnABB |
||
| 041 | _atur | ||
| 082 |
_a809.935297 _bKAZ 2011 |
||
| 100 | 1 | _aKazancı, Ahmet Lütfi, | |
| 245 | 1 | 0 |
_aBir vicdan uyanıyor / _cAhmet Lütfi Kazancı |
| 260 |
_aİstanbul : _bEnsar Neşriyat, _c2011 |
||
| 300 |
_a274 sayfa ; _c20 cm |
||
| 650 | 0 | 0 | _aDin, İslam |
| 942 |
_2ddc _cBK |
||
| 999 |
_c9192 _d9192 |
||
| 900 | _bGizem YORULMAZ | ||